00559nam a2200133Ia 4500008004100000100002300041245011600064245009000180260005300270260001800323300000800341650001500349856006100364170221s9999 xx 000 0 und d aMohd Nizam Sarkawi aModerating Effect of Growth Need Strength on the Relationship between Job Characteristics and Job Satisfaction  cMohd Nizam Sarkawi, Abdul Rahman Jaafar, Jauriyah Shamsuddin, Noor Fareen Abdul Rahim bInternational Review of Management and Marketing cDecember 2013 a5:2 xMarketing. uhttp://www.econjournals.com/index.php/irmm/issue/view/97